Fussballverein zur Hauptstadt #2 - Statistiken

Allgemein
  • Dieses Quiz wurde 164 mal gespielt
  • Das Durchschnittsergebnis liegt bei 9 aus 10
Antworten auf der Karte
Die Antworten werden auf der Karte rot bzw. grün angezeigt, abhängig davon wie oft sie richtig erraten wurden.
 
Antwortstatistiken
Antwort % Korrekt
AS Roma
99%
Hertha BSC
96%
Panathinaikos Athen
96%
Paris Saint-Germain
96%
Shamrock Rovers
96%
HJK Helsinki
94%
KR Reykjavík
94%
FK Rīga
92%
Ferencvárosi Budapest
91%
FC Prishtina
89%
Keine übereinstimmenden Quizze gefunden
Verteilung der Resultate
Anzahl Personen mit jedem Resultat
Perzentil nach korrekt beantworteten Fragen
Ihre Resultats-Entwicklung
Sie haben dieses Quiz noch nicht gespielt